Statistics for Vocabulary Quiz: 'Tar'

Click here to take the quiz!

General Stats

  • This quiz has been taken 37 times
  • The average score is 11 of 22

Answer Stats

HintAnswer% Correct
Large hairy spiders that are native to the warmer parts of the AmericasTarantulas
97%
You're slow and late.Tardy
97%
Something marked with concentric circles, for shooting at.Target
97%
A set of playing cards that can be used to tell your fortune.Tarot
93%
A road surface impregnated with creosoteTarmac or Tarmacadam
77%
To discolour and dull the surface of a metal.Tarnish
73%
Woollen cloth with stripes that cross at right angles.Tartan
60%
An American film-maker known for using 1960s and 70s songs for his soundtracksTarantino
57%
A waterproof cover you can spread over your belongings outside.Tarpaulin
50%
Sour or sharp.Tart
50%
What in ....?! Slang to avoid uttering the word 'damnation'.Tarnation
43%
An aniseedy aromatic herb related to wormwood, added to fish and chicken dishesTarragon
43%
Like something with a much larger capacity than its outward appearance would suggest.Tardis
37%
Items on a list and the charges made on them.Tariff
37%
To hang about, prolong and generally put things off.Tarry
33%
The weight of something holding or wrapping goods, that must be deducted to get the goods' net weight.Tare
30%
A Greek fish pate made with roe, garlic, lemon and olive oilTaramasalata
27%
A whirling Italian dance said to counteract the bite of a spiderTarantella
23%
A Russian film director: his work includes 'Solaris' and 'Andrei Rublev'.Tarkovsky
17%
A member of the Lily family, cultivated in tropical countries for its edible starchy roots.Taro
17%
A huge-eyed mammal of Southeast Asia that leaps from tree to tree.Tarsier
17%
Extremely hardy microscopic invertebrates. They usually live in moss but they've been into space without much harm.Tardigrades
10%

Score Distribution

Percentile by Number Answered

Percent of People with Each Score

Your Score History

You have not taken this quiz